Business mathematics : (Record no. 101713)
[ view plain ]
| 000 -LEADER | |
|---|---|
| fixed length control field | 00761pam a2200229 a 4500 |
| 008 - FIXED-LENGTH DATA ELEMENTS--GENERAL INFORMATION | |
| fixed length control field | |
| 049 ## - LOCAL HOLDINGS (OCLC) | |
| Holding library | MAIN |
| 090 ## - LOCALLY ASSIGNED LC-TYPE CALL NUMBER (OCLC); LOCAL CALL NUMBER (RLIN) | |
| Classification number (OCLC) (R) ; Classification number, CALL (RLIN) (NR) | HF5691 |
| 003 - CONTROL NUMBER IDENTIFIER | |
| control field | |
| 005 - DATE AND TIME OF LATEST TRANSACTION | |
| control field | 20230120193601.0 |
| 040 ## - CATALOGING SOURCE | |
| Transcribing agency | NUST |
| 100 1# - MAIN ENTRY--PERSONAL NAME | |
| Personal name | Highland, Esther Harris. |
| 245 10 - TITLE STATEMENT | |
| Title | Business mathematics : |
| Remainder of title | intemediate certificate of insurance studies, Course Number 2120 / |
| Statement of responsibility, etc. | The Insurance Institute Of South Africa. |
| 260 ## - PUBLICATION, DISTRIBUTION, ETC. | |
| Place of publication, distribution, etc. | Johannesburg : |
| Name of publisher, distributor, etc. | The institute of South Africal, |
| Date of publication, distribution, etc. | c1997. |
| 300 ## - PHYSICAL DESCRIPTION | |
| Extent | (various pangings) : |
| Other physical details | ill. ; |
| Dimensions | 30 cm. |
| 500 ## - GENERAL NOTE | |
| General note | Includes index. |
| 650 #0 - SUBJECT ADDED ENTRY--TOPICAL TERM | |
| Topical term or geographic name entry element | Business mathematics. |
| 700 1# - ADDED ENTRY--PERSONAL NAME | |
| Personal name | Rosenbaum, Roberta S. |
| 700 1# - ADDED ENTRY--PERSONAL NAME | |
| Personal name | Peselnick, Charles. |
| 907 ## - LOCAL DATA ELEMENT G, LDG (RLIN) | |
| a | .b10176664 |
| b | 17-01-06 |
| c | 23-09-05 |
| 942 ## - ADDED ENTRY ELEMENTS (KOHA) | |
| Koha item type | Ordinary Loan Books |
| Call number prefix | HF5691 |
| Date last seen | Total Checkouts | Full call number | Barcode | Cost, replacement price | Price effective from | Koha item type | Lost status | Source of classification or shelving scheme | Damaged status | Not for loan | Collection | Withdrawn status | Home library | Current library | Shelving location | Date acquired | Cost, normal purchase price |
|---|---|---|---|---|---|---|---|---|---|---|---|---|---|---|---|---|---|
| 01/20/2023 | HF5691 INS | 92003012897 | 80.00 | 01/20/2023 | BOOKS-SL | LCC | NFIC | MAIN | MAIN | GEN | 01/20/2023 | 80.00 |